000 01928nam a2200253 i 4500
001 18286
003 DO-SdUEMH
005 20260106141643.0
007 ta
008 260106s2021 dr |||gr|||| 00| 0aspa d
020 _a9789945097122
040 _aDO-SdUEMH
_bspa
_erda
041 _aspa
082 1 4 _mRD
_bM671
245 _aCrónicas Selectas /
_cPedro Mir
264 1 _aSanto Domingo, República Dominicana :
_bUniversitaria de la Universidad Autónoma de Santo Domingo (UASD),
_c©2021
264 4 _c2021
300 _a171 páginas :
_c23 cm.
336 _2rdacontent
_atexto
_btxt
337 _2rdamedia
_asin mediación
_bn
338 _2rdacarrier
_avolumen
_bnc
505 2 _aCrónica sobre unas crónicas -- La Poesía: cuestión de Estado -- Hombros y Hombres o las angustias de una desnudez -- Teoría de la muerte: Notas sobre una ciudad y un poeta -- La importancia de llamarse Bosie -- Apuntes sobre la lectura con una adivinanza al final -- Travesuras o travesía del Misisipi al Higuamo -- Cervantes y Don Quijote: un contrapunto -- Platero y el asno de San José -- Nocturno -- Gastón F. Deligne: manual del joven poeta -- Dos pasos hacia la evocación -- De notas y de noticias -- Introducción a la gloria -- Amor por tres naranjas -- Variaciones sobre un tema antiguo -- El común denominador -- Variante -- Incursión en los terrenos de la Geometría Plana -- Papillón -- Centenario de Beethoven -- Hacia una visión andina de la Cordillera Central -- Réquiem para una Modistilla -- De importancias y exportancias -- Obertura fantástica -- El árbol como auditorio y como escenario -- El día en que se aburrió Juan Pablo -- Entre dos tiempos gramaticales -- Dos mil y una noches -- Picasso como paradoja -- El último Neruda -- Julia del agua o de Puerto Rico -- El poema y la máquina -- Un capítulo final: mi amigo el poeta -- La mancha de Don Quijote -- Alalia -- Afasia.
942 _2ddc
_n0
_cBK
999 _c18286
_d18286